Ways to stay afloat (Record no. 81166)

MARC details
000 -LEADER
fixed length control field 01405cab a22002535a 4500
001 - CONTROL NUMBER
control field L146489
008 - FIXED-LENGTH DATA ELEMENTS--GENERAL INFORMATION
fixed length control field 090126e20090124xxka f 000 0 eng d
035 ## - SYSTEM CONTROL NUMBER
System control number (Sirsi) u146489
041 0# - LANGUAGE CODE
Language code of text/sound track or separate title eng
100 1# - MAIN ENTRY--PERSONAL NAME
Personal name Vara, Beverley
245 00 - TITLE STATEMENT
Title Ways to stay afloat
260 ## - PUBLICATION, DISTRIBUTION, ETC.
Date of publication, distribution, etc. 2009
490 ## - SERIES STATEMENT
Series statement Estates Gazette
Volume/sequential designation (0904) 24 January 2009, 98-99(2)
520 ## - SUMMARY, ETC.
Summary, etc. Article states that valuations during a downturn will usually be under more intense scrutiny than might normally be expected. Illustrates the key principles that valuers should be careful to stick to so as to avoid claims for damages. These principles are summed up as: valuers should ensure that they know their duty to the client and then carry it out; if a valuer has breached their duty to a client they are not automatically liable for the totality of the client's loss and that valuer's should enter into dialogue with the other side as soon as possible. Highlights recent case law on the subject.
590 ## - LOCAL NOTE (RLIN)
Local note KA
650 24 - SUBJECT ADDED ENTRY--TOPICAL TERM
Topical term or geographic name entry element PLATFORM FUNDING LTD V BANK OF SCOTLAND PLC (FORMERLY HALIFAX PLC)
650 24 - SUBJECT ADDED ENTRY--TOPICAL TERM
Topical term or geographic name entry element SOUTH AUSTRALIA ASSET MANAGEMENT CORPORATION V YORK MONTAGUE LTD
650 24 - SUBJECT ADDED ENTRY--TOPICAL TERM
Topical term or geographic name entry element EARL OF MALMESBURY V STRUTT & PARKER
650 24 - SUBJECT ADDED ENTRY--TOPICAL TERM
Topical term or geographic name entry element KEYDON ESTATES LTD V EVERSHEDS LLP
650 24 - SUBJECT ADDED ENTRY--TOPICAL TERM
Topical term or geographic name entry element SMITH V ERIC S BUSH
651 #4 - SUBJECT ADDED ENTRY--GEOGRAPHIC NAME
Geographic name United Kingdom
Chronological subdivision
690 ## - LOCAL SUBJECT ADDED ENTRY--TOPICAL TERM (OCLC, RLIN)
Topical term or geographic name as entry element PROPERTY-PROPERTY VALUATION AND APPRAISAL-VALUATION ACCURACY
942 ## - ADDED ENTRY ELEMENTS (KOHA)
Suppress in OPAC 0
Holdings
Withdrawn status Lost status Source of classification or shelving scheme Damaged status Not for loan Home library Current library Shelving location Date acquired Total Checkouts Full call number Barcode Date last seen Copy number Price effective from Koha item type
    Dewey Decimal Classification     London London Journal article 26/01/2009   L146489 146489-1001 06/08/2019 1 06/08/2019 Journal article